Macbeth (Record no. 40023)
[ view plain ]
| 000 -LEADER | |
|---|---|
| fixed length control field | 00781nam a22002417a 4500 |
| 005 - DATE AND TIME OF LATEST TRANSACTION | |
| control field | 20230704132555.0 |
| 008 - FIXED-LENGTH DATA ELEMENTS--GENERAL INFORMATION | |
| fixed length control field | 001231b xxu||||| |||| 00| 0 eng d |
| 020 ## - ISBN | অাই এস বি এন | |
| ISBN | অাই এস বি এন | 9789382563150 |
| PRICE | 265 |
| 040 ## - CATALOGING SOURCE | |
| Original cataloging agency | Loreto College |
| 041 ## - LANGUAGE CODE | |
| Language code | English |
| 082 ## - DDC | ডিউই | |
| Classification number | বর্গসংখ্যা | 822.33 ID |
| Book Number | গ্রন্থাঙ্ক | MAC-MUI |
| 100 ## - MAIN ENTRY--PERSONAL NAME | মুখ্য সংলেখ - ব্যাক্তিনাম | |
| Personal name | ব্যাক্তিনাম | Shakespeare, William |
| Dates of Birth / Death | জন্ম / মৃত্যু সন | 1564-1616 |
| 245 ## - TITLE STATEMENT | অাখ্যা বিবরণী | |
| Title | অাখ্যা | Macbeth |
| Statement of responsibility | লেখকের দায়িত্বের বিবরণ | William Shakespeare. Edited by Kenneth Muir |
| 250 ## - EDITION STATEMENT | সংস্করণ ক্ষেত্র | |
| Edition statement | সংস্করণ | Indian ed |
| 260 ## - IMPRINT | প্রকাশনা ক্ষেত্র | |
| Place of publication | প্রকাশ স্থান | London |
| Name of publisher | প্রকাশকের নাম | Bloomsbury |
| Date of publication | প্রকাশ কাল | 2013 |
| 300 ## - PHYSICAL DESCRIPTION | | |
| Page / Vol. No | পৃষ্ঠা / খন্ড সংখ্যা | lxv,190p |
| Other physical details | অনান্য বাহ্যিক বিবরণ | 20 cm |
| 440 ## - SERIES STATEMENT |গ্রন্থমালা | |
| Series Title | গ্রন্থমালা অাখ্যা | The Arden Shakespeare |
| 500 ## - GENERAL NOTE | সাধারণ টীকা | |
| General note | সাধারণ টীকা | This editiion of Macbeth by Kenneth Muir, first published 1951 by Methuen and Co. Ltd. |
| 650 ## - SUBJECT ADDED ENTRY--TOPICAL TERM | বিষয় শিরোনাম - মূল বিষয় | |
| Topical term | মূল বিষয় | Drama in English |
| General subdivision | সাধারণ বিভাগ | Literature in English |
| Chronological subdivision | কালগত বিভাগ | Elizabethan period,1558-1625 |
| 700 ## - ADDED ENTRY--PERSONAL NAME | অতিরিক্ত সংলেখ - ব্ | |
| Relator code | দায়িত্ব নির্দেশক | ed. |
| Personal name | ব্যাক্তিনাম | Muir, Kenneth |
| 850 ## - HOLDING INSTITUTION | |
| Holding institution | LCLIB |
| 942 ## - ADDED ENTRY ELEMENTS (KOHA) | |
| Koha item type | Books |
| Withdrawn status | Lost status | Source of classification | Damaged status | Not for loan | Home library | Current library | Shelving location | Date acquired | Price | Total Checkouts | Full call number | Accession No. | Date last seen | Date checked out | Price effective from | Koha item type | Coded location qualifier |
|---|---|---|---|---|---|---|---|---|---|---|---|---|---|---|---|---|---|
| Dewey Decimal Classification | Loreto College | Loreto College | Post Graduate | 31/12/2000 | 265.00 | 3 | 822.33/ID MAC-MUI 50740 | 43590 | 01/01/2001 | 01/01/2001 | 31/12/2000 | Books | |||||
| Dewey Decimal Classification | Loreto College | Loreto College | 31/12/2000 | 265.00 | 10 | 822.33 ID MAC-MUI 50741 | 43591 | 22/09/2022 | 20/09/2022 | 31/12/2000 | Books |